International Marketing / (Record no. 10945)

MARC details
000 -LEADER
fixed length control field 01014cam a22003375a 4500
001 - CONTROL NUMBER
control field 407703
005 - DATE AND TIME OF LATEST TRANSACTION
control field 20150816144917.0
008 - FIXED-LENGTH DATA ELEMENTS--GENERAL INFORMATION
fixed length control field 800320s2009 nyua frb 001 0 eng
010 ## - LIBRARY OF CONGRESS CONTROL NUMBER
LC control number 79906088
020 ## - INTERNATIONAL STANDARD BOOK NUMBER
Terms of availability 9780071288385
020 ## - INTERNATIONAL STANDARD BOOK NUMBER
Terms of availability 0071288384
040 ## - CATALOGING SOURCE
Original cataloging agency DLC
Language of cataloging eng
Transcribing agency DLC
Modifying agency DLC
-- EG-ScBUE
043 ## - GEOGRAPHIC AREA CODE
Geographic area code a-ii---
050 00 - LIBRARY OF CONGRESS CALL NUMBER
Classification number HF1589
Item number .C37
082 00 - DEWEY DECIMAL CLASSIFICATION NUMBER
Classification number 658.848
Item number CAT
Edition number 22
100 1# - MAIN ENTRY--PERSONAL NAME
Personal name Cateora, Philip R.
9 (RLIN) 9717
245 10 - TITLE STATEMENT
Title International Marketing /
Statement of responsibility, etc Philip R. Cateora, Mary C. Gilly & John L. Graham
250 ## - EDITION STATEMENT
Edition statement 14th ed.
260 ## - PUBLICATION, DISTRIBUTION, ETC. (IMPRINT)
Place of publication, distribution, etc New York :
Name of publisher, distributor, etc McGraw- Hill,
Date of publication, distribution, etc c.2009.
300 ## - PHYSICAL DESCRIPTION
Extent xv, 711 p. ;
Dimensions 25 cm.
500 ## - GENERAL NOTE
General note Index: p. 688-711.
500 ## - GENERAL NOTE
General note Glossary : p. 680-687.
590 ## - LOCAL NOTE (RLIN)
Local note Mohamed Hussein
650 #0 - SUBJECT ADDED ENTRY--TOPICAL TERM
Topical term or geographic name as entry element Foreign trade promotion
General subdivision Case studies.
9 (RLIN) 9718
Source of heading or term BUEsh
650 #0 - SUBJECT ADDED ENTRY--TOPICAL TERM
Topical term or geographic name as entry element Export marketing
General subdivision Case studies.
9 (RLIN) 9719
Source of heading or term BUEsh
651 ## - SUBJECT ADDED ENTRY--GEOGRAPHIC NAME
Source of heading or term BUEsh
653 ## - INDEX TERM--UNCONTROLLED
Resource For college BAEPS, Business Administration
Arrived date list August2015
700 1# - ADDED ENTRY--PERSONAL NAME
Personal name Gilly, Mary C.
9 (RLIN) 11847
700 1# - ADDED ENTRY--PERSONAL NAME
Personal name Graham, John L.
9 (RLIN) 11848
942 ## - ADDED ENTRY ELEMENTS (KOHA)
Source of classification or shelving scheme Dewey Decimal Classification
Item type Book - Borrowing
Holdings
Withdrawn status Item status Source of classification or shelving scheme Damaged status Not for loan Vendor Home library Current library Shelving location Date acquired Source of acquisition Cost, normal purchase price Total Checkouts Total Renewals Full call number Barcode Date last seen Date last borrowed Cost, replacement price Koha item type Materials specified (bound volume or other part)
    Dewey Decimal Classification     Baccah Central Library Central Library First floor 24/02/2009   180.00 20 69 658.848 CAT 000014958 15/07/2025 03/05/2017 225.00 Book - Borrowing  
    Dewey Decimal Classification     Baccah Central Library Central Library First floor 24/02/2009   180.00 23 63 658.848 CAT 000014957 15/07/2025 01/04/2021 225.00 Book - Borrowing  
    Dewey Decimal Classification     Baccah Central Library Central Library First floor 24/02/2009   180.00 17 80 658.848 CAT 000014956 15/07/2025 22/03/2015 225.00 Book - Borrowing  
    Dewey Decimal Classification Damaged   Baccah Central Library Central Library First floor 24/02/2009   180.00 22 121 658.848 CAT 000014955 24/08/2022 09/03/2019 225.00 Book - Borrowing BOX07
    Dewey Decimal Classification     Baccah Central Library Central Library First floor 24/02/2009   180.00 13   658.848 CAT 000014954 15/07/2025 12/03/2014 225.00 NB - Book (Non borrowing)  
    Dewey Decimal Classification     Baccah Central Library Central Library First floor 24/02/2010   180.00 28 122 658.848 CAT 000019967 15/07/2025 17/02/2020 225.00 Book - Borrowing  
  Lost and Paid For Dewey Decimal Classification     Baccah Central Library Central Library First floor 24/02/2010   180.00 4 2 658.848 CAT 000019966 03/04/2011 22/07/2010 225.00 Book - Borrowing  
    Dewey Decimal Classification     Baccah Central Library Central Library First floor 18/03/2010   180.00 22 67 658.848 CAT 000020123 15/07/2025 13/04/2021 225.00 Book - Borrowing  
    Dewey Decimal Classification     Baccah Central Library Central Library First floor 28/03/2010   180.00 24 86 658.848 CAT 000020507 15/07/2025 13/02/2020 225.00 Book - Borrowing  
    Dewey Decimal Classification     Baccah Central Library Central Library First floor 28/03/2010   180.00 23 67 658.848 CAT 000020509 15/07/2025 11/03/2020 225.00 Book - Borrowing